Justice League Members - Statistics

General Stats
  • This quiz has been taken 134 times
  • The average score is 9 of 9
Answer Stats
Hint Answer % Correct
Man of Steel Superman
100%
Nicknamed "The Caped Crusader" Batman
99%
He has the power of will, and he's green Green Lantern
99%
This guy is pretty fast Flash
98%
He carries a trident and looks like a merman Aquaman
95%
Tim Drake Robin
95%
One of her enemies is Cheetah Wonder Woman
95%
Half man, half robot Cyborg
94%
His real form is a giant muscular alien, but he wears a blue cape and belt, he is also green Martian Manhunter
90%
No matching quizzes found
Score Distribution
Percent of People with Each Score
Percentile by Number Answered
Your Score History
You have not taken this quiz